| LEADER | 03839nim a2200841 i 4500 | ||
|---|---|---|---|
| 001 | 313076 | ||
| 003 | CZ PrSKC | ||
| 005 | 20260601215734.0 | ||
| 007 | sd fungnnmmned | ||
| 008 | 151118t20152015xr nnnnj h n cze | ||
| 015 | |a cnb002753419 | ||
| 024 | 3 | |a 8594050421516 | |
| 028 | 0 | 3 | |a 8594050421509 |b Albatros |
| 040 | |a ABA001 |b cze |e rda | ||
| 072 | 7 | |a 821.162.3-3 |x Česká próza |2 Konspekt | |
| 072 | 7 | |a 821-93 |x Literatura pro děti a mládež (beletrie) |2 Konspekt | |
| 080 | |a 821.162.3-32 |2 MRF | ||
| 080 | |a (086.7.053.2) |2 MRF | ||
| 080 | |a (086.7)08 |2 MRF | ||
| 080 | |a (086.76) |2 MRF | ||
| 100 | 1 | |a Peroutková, Ivana, |d 1960- |7 jn20000401963 |4 aut | |
| 245 | 1 | 0 | |a Anička a její kamarádky / |c Ivana Peroutková |
| 264 | 1 | |a Praha : |b Albatros, |c [2015] | |
| 264 | 4 | |c ©2015 | |
| 300 | |a 1 audiodisk (2 hod., 23 min.) ; |c 12 cm | ||
| 306 | |a 022300 | ||
| 336 | |a mluvené slovo |b spw |2 rdacontent | ||
| 337 | |a audio |b s |2 rdamedia | ||
| 338 | |a audiodisk |b sd |2 rdacarrier | ||
| 344 | |a digital |b optical |2 rda | ||
| 347 | |a audio soubor |b MP3 |2 rda | ||
| 500 | |a Název z disku | ||
| 500 | |a Copyright Albatros Media a. s. | ||
| 500 | |a Nezkrácené verze | ||
| 500 | |a Na disku chybně uvedeno nakladatelství Motto | ||
| 508 | |a Režie, Jindřiška Nováková | ||
| 511 | 0 | |a Čte Martha Issová | |
| 518 | |o Nahráno |d květen 2015 |p studio DAMU, Praha | ||
| 655 | 7 | |a české příběhy |7 fd133973 |2 czenas | |
| 655 | 7 | |a zvukové záznamy pro děti a mládež |7 fd186726 |2 czenas | |
| 655 | 7 | |a audioknihy |7 fd119452 |2 czenas | |
| 655 | 7 | |a kompaktní disky |7 fd201991 |2 czenas | |
| 655 | 9 | |a Czech stories |2 eczenas | |
| 655 | 9 | |a juvenile sound recordings |2 eczenas | |
| 655 | 9 | |a audiobooks |2 eczenas | |
| 655 | 9 | |a compact discs |2 eczenas | |
| 700 | 1 | |a Nováková, Jindřiška, |d 1954- |7 jn20010601354 |4 drt | |
| 700 | 1 | |a Issová, Martha, |d 1981- |7 js20051128007 |4 nrt | |
| 787 | 0 | 8 | |i Z cyklu: |t Anička |g 1 |
| 900 | |a ABA001 |b 18 | ||
| 044 | |a xr | ||
| 505 | 0 | 0 | |t 01 Jak Anicka prijela k babicce a co videla dalekohledem (5 min., 33 sek.) |
| 505 | 0 | 0 | |t 02 Anicka jde do skoly a ma strach (6 min., 50 sek.) |
| 505 | 0 | 0 | |t 03 Anicka ma prvni kamaradky ale taky ji bodne vcela (11 min., 3 sek.) |
| 505 | 0 | 0 | |t 04 Anicka vede rozhovor o vcelach a je pozvana na navstevu (7 min., 9 sek.) |
| 505 | 0 | 0 | |t 05 Jak dopadla navsteva u Elisky Jirackove (10 min., 14 sek.) |
| 505 | 0 | 0 | |t 06 Dalsi spoluzaci zpev a Anicka si zacne psat denik (5 min., 18 sek.) |
| 505 | 0 | 0 | |t 07 Prvni snih vanocni ozdoby a prvni roztrzka (5 min., 14 sek.) |
| 505 | 0 | 0 | |t 08 Ach ten parasin prihoda se sanemi a co rekla Julina (9 min., 50 sek.) |
| 505 | 0 | 0 | |t 09 Co se stalo na kluzisti (10 min., 18 sek.) |
| 505 | 0 | 0 | |t 10 Podivuhodny Stedry den (8 min., 50 sek.) |
| 505 | 0 | 0 | |t 11 Prvni rozhovor s Eliskou a znovu se vraci ta otazka (6 min., 18 sek.) |
| 505 | 0 | 0 | |t 12 Anicka a jeji kamaradky se oblecou za princezny (6 min., 52 sek.) |
| 505 | 0 | 0 | |t 13 Vesela prohlidka ale pak vse pokazi Julina Eliasova (10 min., 16 sek.) |
| 505 | 0 | 0 | |t 14 Anicka ssi bere dalekohled a chysta pomstu (5 min., 50 sek.) |
| 505 | 0 | 0 | |t 15 Boj s kohoutem (7 min., 24 sek.) |
| 505 | 0 | 0 | |t 16 Prvni koupani v tunce sipka a dalsi rozhovor s Eliskou (7 min., 35 sek.) |
| 505 | 0 | 0 | |t 17 Bourka u tunky a Anicka uz vi co rekne Elisce (6 min., 23 sek.) |
| 505 | 0 | 0 | |t 18 Naposled ve skole dva darky a Anicka nezapomene (5 min., 43 sek.) |
| 505 | 0 | 0 | |t 19 U Elisky misa jahod a posledni zprava v deniku (6 min., 44 sek.) |
| 910 | |a RBIT002 | ||
| 998 | |d 316095 |a https://core.palmknihy.cz/api/books/316095/cover?sia8sy |b https://core.palmknihy.cz/api/books/316095/cover/400?sia8sy |c https://core.palmknihy.cz/api/books/316095/cover/50?sia8sy |e 2033-12-31 |i 8594050421516 |l 4980 |q 49 |r 1 |s https://www.palmknihy.cz/kniha/316095 |t audiobook |y 2015 |z 0 | ||
| 999 | |d 313074 | ||